000 00814nam a22002177a 4500
005 20180510171310.0
010 _aB-690872-873 ENG-122976
020 _c495.00
_a9789383514083
035 _aB-690872-873 EN-106508
037 _bPansy
037 _bDBAD/PUB.
082 _a921
100 _aVerma, Mohan
245 _aDr.Syama Prasad Mookerjee:
_cby Mohan Verma
_bthe great hindu nationalist /
260 _aNew Delhi
_bLucky International
_c2015
270 _aH-16/1922, Sangam Vihar
_bNew Delhi
_e110080
_k07838260289
_mluckybk05@yahoo.co.in
300 _a180p.
_c23cm(Hb)
500 _aBalidani
942 _2ddc
_cEN
_h921
_mVER
999 _c150897
_d150897